| 000 | 00364nam a2200157Ia 4500 | ||
|---|---|---|---|
| 008 | 230711s9999||||xx |||||||||||||| ||und|| | ||
| 041 | _aENG | ||
| 082 |
_a624 _bHO-D |
||
| 100 | _aHobbs D.W | ||
| 245 | 0 | _aAlkali sia reaction in concrete | |
| 250 | _a1st | ||
| 260 |
_c1988 _aNew York _bThomas Telford |
||
| 300 | _a766 | ||
| 650 | _aCivil Engineering | ||
| 942 | _cBK | ||
| 999 |
_c785 _d785 |
||